| 000 | 00644nam a22001337a 4500 | ||
|---|---|---|---|
| 040 | _cRUA | ||
| 082 | _aAGR SUM 2010 B045 Or.1 | ||
| 100 | _aSUM, CHEAT. | ||
| 245 | _aeffect of biogas fertilizer and planting depth bunching onion ( ឥទ្ធិពលនៃការប្រើប្រាស់ជីកាកសំណល់ឡជីវឧស្ម័ន និង ជំរៅនៃការដំាដុះដំណាំខ្ទឹមស្លឹក) | ||
| 260 |
_aPhnom Penh _bRUA _c2010 |
||
| 300 |
_aix, 47p. _bill. _c29cm. |
||
| 856 | _uhttps://drive.google.com/file/d/1n7_jXm2GhEabBBdWZhe_F0YszTi6fPOc/view?usp=sharing | ||
| 942 | _cAGR | ||
| 999 |
_c1025 _d1025 |
||